000 00671nam a2200253Ia 4500
003 OSt
005 20221007073315.0
006 a|||||r|||| 00| 0
007 ta
008 221006b |||||||| |||| 00| 0 eng d
024 _a6,927
037 _cReference Collections
040 _aFLL
_cFLL
_beng
041 _2eng
_aeng
082 _aZ2,315, N3
100 _aAvtar Singh
245 0 _aLaw of partnership
250 _a2nd
260 _aLucknow
_bEastern Book Comp. India
_c1993
300 _alxxxiii,775p
_ccm.
650 _aPartnership law
_9428984
942 _hZ2,315, N3
_cREF
_2CC
999 _c1148304
_d1148304